000 00716nam a2200181Ia 4500
008 151018s9999 xx 000 0 und d
082 _bRBASDV11714
_a891.463
100 _aउषादेवी विजय कोल्हाटकर
245 _aपंख तुटलेल पाखरू
250 _b1
260 _bश्री विशाखा प्रकाशन पुणे
_c1974
300 _a86
600 _aउषादेवी विजय कोल्हाटकर
630 _aपंख तुटलेल पाखरू
700 _aउषादेवी विजय कोल्हाटकर
730 _aपंख तुटलेल पाखरू
942 _cBOOK
999 _c1014056
_d1014053